Statistics for Top Premier League Scorers To Never Played For London Club

Click here to take the quiz!

General Stats

  • This quiz has been taken 43 times
  • The average score is 8 of 15

Answer Stats

GoalsAnswer% Correct
260Alan Shearer
97%
208Wayne Rooney
89%
150Michael Owen
83%
163Robbie Fowler
77%
151Sergio Aguero
74%
107Paul Scholes
69%
109Ryan Giggs
66%
120Steven Gerrard
66%
123Dwight Yorke
63%
95Van Nistelrooy
51%
100Le Tissier
43%
110Emile Heskey
40%
111Dion Dublin
20%
95Yakubu
11%
92Mark Viduka
0%

Score Distribution

Percentile by Number Answered

Percent of People with Each Score

Your Score History

You have not taken this quiz